000 00701nam a2200289Ia 4500
005 20260324135911.0
008 008 260324s9999 xx 000 0 eng d
020 _a9781315805740
037 _aEBOOK
040 _aCRL
040 _beng
040 _cCRL
041 _2eng
041 _aeng
084 _qCRL
100 _aDavid V. Budescu; Rami Zwick; Ido Erev
_91202349
245 0 _aGames and Human Behavior
245 0 _bEssays in Honor of Amnon Rapoport
260 _bTaylor and Francis
260 _c1999
365 _a
365 _b330
856 _uhttp://www.taylorfrancis.com/books/9781315805740
942 _cEBOOK
999 _c1803891
_d1803891